Quiz - Menu Mcdonald's en France - Statistiques

Statistiques générales
  • Ce quiz a été pris 341 fois
    317 depuis la dernière actualisation
  • Le résultat moyen est 17 sur 126
Statistiques - réponses
Réponse % Correct
Big Mac
78%
Coca Cola
64%
Fanta
55%
CBO
54%
Lipton Green Ice Tea
53%
Lipton Ice Tea
53%
Lipton Ice Tea Sans Sucres
53%
Cheeseburger
50%
280
48%
Double Cheese
46%
Eau by McDo Aromatisée
46%
Eau by McDo Pétillante
46%
Eau by McDo Plate
46%
Big Tasty
41%
McChicken
41%
Hamburger
39%
Sauce Classique Barbecue
36%
Sauce Ketchup
36%
Filet-o-Fish
33%
Croque Mcdo
32%
McFish
30%
Sauce Curry
27%
McWrap Chèvre
26%
P'tit Wrap Chèvre
25%
Sauce Pomme Frite
25%
P'tit Wrap Ranch
24%
Royal Deluxe
24%
Sauce Creamy Deluxe
24%
Cookie Chocolat au lait et noisettes
22%
Cookie fourré framboise
22%
Donut Nature
22%
P'tite Salade
19%
Royal Bacon
19%
Sauce à la Moutarde
18%
Royal Cheese
17%
Sauce Chinoise
16%
McFirst Boeuf
13%
McFirst Poulet
13%
Jus d'orange
12%
McCrispy
12%
Double Cheese Bacon
11%
McFirst Poisson
11%
Minute Maid Orange
10%
Cappuccino
9%
Jus de Pomme
9%
Boite à Macarons par 6
8%
Double Filet-o-Fish
8%
Salade Chicken Caesar
8%
Sundae Saveur Vanille Nappage Chocolat
8%
Thé Earl Grey
8%
Thé Vert Menthe
8%
Croissant
7%
McFlurry Saveur Vanille Daim
7%
McFlurry Saveur Vanille KitKat
7%
Grande Frites
6%
Moyenne Frites
6%
Petite Frites
6%
Sundae Saveur Vanille Nappage Caramel
6%
Chocolat chaud
5%
Espresso
5%
Café Latté
4%
McFish Mayo
4%
Pain Au Chocolat
4%
Pancakes
4%
4 Chicken McNuggets
3%
Coca Cola Sans Sucres
3%
Donut saveur chocolat
3%
Grande Potatoes
3%
Moyenne Potatoes
3%
Petite Potatoes
3%
P'tite Pomme
3%
Ristretto
3%
Salade L'Italian Mozza & Pasta
3%
Sundae Saveur Vanille
3%
20 Chicken McNuggets
2%
6 Chicken McNuggets
2%
9 Chicken McNuggets
2%
Big Mac Bacon
2%
Café Allongé
2%
Cappuccino Daim
2%
McFlurry Saveur Vanille
2%
Muffin Saveur Chocolat - Noisettes
1%
Muffin Saveur Chocolat Noisettes
1%
P'tit Ananas
1%
P'tit Boeuf Sauce Deluxe
1%
280 Cantal
0%
Berlingo Pomme - Pêche
0%
Big Mac BLT
0%
Big Tasty - 1 Viande
0%
Big Tasty - 2 Viandes
0%
Bio à boire Banane
0%
Brownie Chocolat noisette
0%
Brownie Chocolat - Noisettes
0%
Cheesecake Fraise
0%
Cheesecake Nappage Choconuts M&M's
0%
Cinnamon Rolls
0%
Cookie Caramel Noix de Pécan
0%
Cookie Fourée Choconuts
0%
Double Espresso
0%
Duo de Macarons
0%
Egg & Bacon McMuffin
0%
Egg & Cheese McMuffin
0%
Infusion Citron Gingembre
0%
Macaron Brownie
0%
Macaron Cheesecake Citron
0%
Macaron Cranberry
0%
Macaron Vanille
0%
McFlavor Fries Double Cheddar Fondu
0%
McFlavor Fries Double Cheddar Fondu - Bacon
0%
McFlurry Saveur Vanille M&M's
0%
McFlurry Saveur Vanille Nappage Chocolat
0%
McMuffin Bacon & Beef
0%
McPancakes
0%
McWrap New York & Poulet Bacon
0%
Mini Apple Pie
0%
Muffin Coeur Caramel
0%
Muffin Myrtille
0%
Muffin Sucré
0%
P'tites Tomates
0%
P'tit Nectar Bio
0%
Royal Deluxe Bacon
0%
Sundae Saveur Vanille Coulis Fraise
0%
Aucun quiz correspondant
Distribution des résultats
% des personnes avec chaque résultat
Percentile par nombre de réponses
Votre historique - résultats
Vous n’avez pas pris ce quiz depuis la dernière actualisation